<?xml version="1.0" encoding="UTF-8"?>
<record
    xmlns:xsi="http://www.w3.org/2001/XMLSchema-instance"
    xsi:schemaLocation="http://www.loc.gov/MARC21/slim http://www.loc.gov/standards/marcxml/schema/MARC21slim.xsd"
    xmlns="http://www.loc.gov/MARC21/slim">

  <leader>01060    a2200193   4500</leader>
  <controlfield tag="003">Nust</controlfield>
  <controlfield tag="005">20221017121109.0</controlfield>
  <datafield tag="020" ind1=" " ind2=" ">
    <subfield code="a">9698535004</subfield>
  </datafield>
  <datafield tag="040" ind1=" " ind2=" ">
    <subfield code="c">Nust</subfield>
  </datafield>
  <datafield tag="082" ind1=" " ind2=" ">
    <subfield code="a">617.37,HAS</subfield>
  </datafield>
  <datafield tag="100" ind1=" " ind2=" ">
    <subfield code="a">Hashmi, M.A.</subfield>
    <subfield code="9">100429</subfield>
  </datafield>
  <datafield tag="245" ind1=" " ind2=" ">
    <subfield code="a">Your child with a deformity :</subfield>
    <subfield code="b">a guide to birth defects in children /</subfield>
    <subfield code="c">Dr M.A Hashmi, Dr Sonya Hashmi</subfield>
  </datafield>
  <datafield tag="250" ind1=" " ind2=" ">
    <subfield code="a">1st ed.</subfield>
  </datafield>
  <datafield tag="260" ind1=" " ind2=" ">
    <subfield code="a">Islamabad</subfield>
    <subfield code="b">Maryah Printers</subfield>
    <subfield code="c">2000</subfield>
  </datafield>
  <datafield tag="300" ind1=" " ind2=" ">
    <subfield code="a">318:p</subfield>
  </datafield>
  <datafield tag="505" ind1=" " ind2=" ">
    <subfield code="a">What Are Deformities (Page-1), What Causes Deformities (Page-11), Genes and Genetics (Page-29), How do we Inherit Problems (Page-45), Genetic Basis of Common Diseases (Page-61), What can be Done (Page-81), Some New Concepts (Page-101), Genetic Counseling (Page-113), Ethical Considerations (Page-121), Clinical Problems A-B (Page-125), Clinical Problems C-D (Page-144), Clinical Problems E-H (Page-179), Clinical Problems I-L (Page-205), Clinical Problems M-P (Page-221), Clinical Problems Q-T (Page-257), Clinical Problems U-Z (Page-281).</subfield>
  </datafield>
  <datafield tag="650" ind1=" " ind2=" ">
    <subfield code="a">Your Child With A Deformity</subfield>
    <subfield code="9">100430</subfield>
  </datafield>
  <datafield tag="942" ind1=" " ind2=" ">
    <subfield code="2">ddc</subfield>
    <subfield code="c">BK</subfield>
  </datafield>
  <datafield tag="999" ind1=" " ind2=" ">
    <subfield code="c">183194</subfield>
    <subfield code="d">183194</subfield>
  </datafield>
  <datafield tag="952" ind1=" " ind2=" ">
    <subfield code="0">0</subfield>
    <subfield code="1">0</subfield>
    <subfield code="2">ddc</subfield>
    <subfield code="4">0</subfield>
    <subfield code="7">0</subfield>
    <subfield code="a">MCS</subfield>
    <subfield code="b">MCS</subfield>
    <subfield code="c">GEN</subfield>
    <subfield code="d">2016-12-12</subfield>
    <subfield code="o">617.37,HAS</subfield>
    <subfield code="p">MCS28736</subfield>
    <subfield code="r">2016-12-08</subfield>
    <subfield code="w">2016-12-12</subfield>
    <subfield code="y">BK</subfield>
    <subfield code="z">Almirah No.26, Shelf No.4</subfield>
  </datafield>
</record>
